Days and Months Songs - Statistics

General Stats
  • This quiz has been taken 29 times
  • The average score is 8 of 19
Answer Stats
Artist Song % Correct
Rolling Stones Ruby {Tuesday}
92%
Bangles Manic {Monday}
84%
Guns n Roses {November} Rain
72%
Four Seasons {December} 1963 (Oh What A Night)
64%
Earth Wind and Fire September
60%
Easybeats {Friday} On My Mind
44%
Blondie {Sunday} Girl
44%
David Bowie {Thursday}'s Child
44%
Barbara Dickson January {February}
40%
Whigfield {Saturday} Night
36%
Pilot January
32%
Joe Loss {March} Of The Mods
24%
Nazareth {May} The Sunshine
24%
Undertones {Wednesday} Week
24%
Jesus and Mary Chain {April} Skies
16%
Taylor Swift August
16%
Roxette {June} Afternoon
16%
JJ72 {October} Swimmer
16%
Ocean Colour Scene July
8%
No matching quizzes found
Score Distribution
Percent of People with Each Score
Percentile by Number Answered
Your Score History
You have not taken this quiz